LEADER 01155nam0 2200361 450 001 990000844230203316 010 $a88-14-03977-1 035 $a0084423 035 $aUSA010084423 035 $a(ALEPH)000084423USA01 035 $a0084423 100 $a20020107d1993----km-y0ITAy01------ba 101 $aita 102 $aIT 105 $a00||| 200 1 $a<> sogni antichi di Giuseppe Capograssi$eantologia dai Pensieri a Giulia$eSulmona e l'Abruzzo$f[a cura di] Giuseppe Papponetti 210 $aMilano$cA. Giuffrè$d1993 215 $a123 p.$d23 cm 225 2 $aFondazione Giuseppe Capograssi, Roma-Sulmona$v5. 410 0$12001$aFondazione Giuseppe Capograssi, Roma-Sulmona$v5 676 $a858.91203$v19 700 1$aCAPOGRASSI,$bGiuseppe$0160447 702 1$aPAPPONETTI,$bGiuseppe 801 0$aIT$bsalbc$gISBD 912 $a990000844230203316 951 $aCOLL. HRG 5$b2098 G$cCOLL. HRG 959 $aBK 969 $aGIU 979 $aPATTY$b90$c20020107$lUSA01$h0917 979 $c20020403$lUSA01$h1730 979 $aPATRY$b90$c20040406$lUSA01$h1658 996 $aSogni antichi di Giuseppe Capograssi$9968088 997 $aUNISA LEADER 02675nam 2200517 450 001 9910467279803321 010 $a1-55844-335-5 010 $a1-55844-333-9 035 $a(CKB)4100000007925437 035 $a(MiAaPQ)EBC5212207 035 $a(EXLCZ)994100000007925437 100 $a20170411h20172017 uy| 0 101 0 $aeng 135 $aurcnu|||||||| 181 $2rdacontent 182 $2rdamedia 183 $2rdacarrier 200 10$aAfter great disasters $ean in-depth analysis of how six countries managed community recovery /$fLaurie A. Johnson and Robert B. Olshansky 210 1$aCambridge, MA :$cLincoln Institute of Land Policy,$d[2017] 210 4$d©2017 215 $a1 online resource (389 pages) $cillustrations (some color) 311 $a1-55844-331-2 320 $aIncludes bibliographical references and index. 327 $aIntroduction: evolving approaches to managing recovery from large-scale disasters -- China : top-down, fast-paced reconstruction -- New Zealand : centralizing governance and transforming cityscapes -- Japan : national land use regulations drive recovery -- India : state-managed recovery with NGO involvement -- Indonesia : centrally managed, community-driven approaches to reconstruction -- United States : an evolving national level recovery policy -- Conclusions and recommendations -- References -- Index -- About the authors -- About Lincoln Institute of land policy. 330 $a"Considers community recovery and reconstruction following major natural disasters in six countries (China, New Zealand, India, Indonesia, Japan, United States). Identifies ways communities and governments can better organize for recovery after future disasters. Chapters discuss improving construction and design standards, renewing infrastructure, creating new land use arrangements, reinventing economies, and improving the resilience of cities and regions"--$cProvided by publisher. 606 $aCrisis management$vCase studies 606 $aNatural disasters$vCase studies 606 $aHuman settlements$vCase studies 606 $aLand use$xPlanning$vCase studies 606 $aEconomic development$vCase studies 608 $aElectronic books. 615 0$aCrisis management 615 0$aNatural disasters 615 0$aHuman settlements 615 0$aLand use$xPlanning 615 0$aEconomic development 676 $a363.34/8 700 $aJohnson$b Laurie A.$0999109 702 $aOlshansky$b Robert B. 801 0$bMiAaPQ 801 1$bMiAaPQ 801 2$bMiAaPQ 906 $aBOOK 912 $a9910467279803321 996 $aAfter great disasters$92292213 997 $aUNINA